| 000 | 01529cam a2200361 i 4500 | ||
|---|---|---|---|
| 999 |
_c1377 _d1377 |
||
| 001 | 17594429 | ||
| 003 | OSt | ||
| 005 | 20221229082803.0 | ||
| 008 | 130117s2014 mnua j b 001 0 eng | ||
| 010 | _a 2012050592 | ||
| 020 | _a9781476535500 (pbk.) | ||
| 040 |
_aDLC _beng _cDLC _erda _dDLC _dKH8 |
||
| 042 | _apcc | ||
| 082 | 0 | 0 |
_a612 RUS _223 |
| 100 | 1 |
_aRustad, Martha E. H. _q(Martha Elizabeth Hillman), _d1975- _eauthor |
|
| 245 | 1 | 0 |
_aMy body / _cby Martha E.H. Rustad. |
| 264 | 1 |
_aNorth Mankato, Minnesota : _bCapstone Press, _c[2014] |
|
| 300 |
_a32 pages : _bcol. ill. ; _c23 cm. |
||
| 336 |
_atext _2rdacontent |
||
| 337 |
_aunmediated _2rdamedia |
||
| 338 |
_avolume _2rdacarrier |
||
| 490 | 0 | _aSmithsonian Little Explorer. | |
| 504 | _aIncludes bibliographical references (p. 31) and index. | ||
| 505 | 0 | _aMy body -- My cells -- My skeleton -- My muscles -- My blood -- My lungs -- My heart -- Fighting germs -- My brain and nerves -- My senses -- Fueling my body -- My glands -- Staying healthy. | |
| 520 |
_a"Introduces basic anatomy to young readers, including major systems and organs, health, and safety"-- _cProvided by publisher. |
||
| 521 | 1 | _a4-8. | |
| 521 | 2 | _aK to grade 3. | |
| 650 | 0 |
_aHuman body _vJuvenile literature. |
|
| 650 | 0 |
_aHuman physiology _vJuvenile literature. |
|
| 906 |
_a7 _bcbc _corignew _d1 _eecip _f20 _gy-gencatlg |
||
| 942 |
_2ddc _cNFIC |
||